Optimálna alokácia výberu medzi stratá

Problematika alokácie výberového súboru medzi stratá pri odhadovaní strednej hodnoty konečného základného súboru.

Na minha lista:
Detalhes bibliográficos
Autor principal: Terek, Milan
Formato: Capítulo de Livro
Idioma:eslovaco
Assuntos:
Tags: Adicionar Tag
Sem tags, seja o primeiro a adicionar uma tag!

MARC

LEADER 00000naa a2200000 4500
001 0185372
005 20240502073157.8
041 0 |a slo 
044 |a SK 
245 1 0 |a Optimálna alokácia výberu medzi stratá  |c Milan Terek 
520 |a Problematika alokácie výberového súboru medzi stratá pri odhadovaní strednej hodnoty konečného základného súboru. 
610 2 0 |a súbory výberové 
610 2 0 |a súbory štatistické 
610 2 0 |a odhad štatistický 
100 1 |a Terek, Milan